000 00963nam a2200241 a 4500
005 20210223125624.0
008 050418s1982 fr r 000 0 eng d
035 _aUPN01000138130
049 _aUNE
050 4 _aLC5163 P3.5
_bP7.3
100 1 _aPrakasha, Veda
_929876
245 1 0 _aExtending basic learning opportunities :
_bchallenge and response /
_cVeda Prakasha, Ananda W. P. Gurugé and Amewuskika K. B. Tay.
260 _aParis :
_bUNESCO :
_bUNICEF,
_c1982.
300 _a142 p. :
_bil.
440 0 _aChild, family, community ;
_v16
500 _aTambién encuentras un ejemplar en Colección General
650 4 _aEDUCACION FUNDAMENTAL -
_zPAISES EN DESARROLLO
_913330
650 4 _aIGUALDAD DE OPORTUNIDADES EN EDUCACION -
_zPAISES EN DESARROLLO
_913332
650 4 _aCOMUNIDAD Y ESCUELA -
_zPAISES EN DESARROLLO
_913331
700 1 _aGurugé, Ananda W. P.,
_d1928-
_ecoaut.
_935700
700 1 _aTay, Amewusika K. B.,
_ecoaut.
_935699
905 _aLibro
999 _c110278
_d110278